[Event "Tianjin Binhai Cup-A 3rd"]
[Site "Tianjin"]
[Date "2023.08.21"]
[Round "3"]
[White "Zhong, Kangmin"]
[Black "Battulga, Namkhai"]
[Result "1-0"]
[WhiteElo "1906"]
[BlackElo "2394"]
[PlyCount "151"]
[EventDate "2023.08.20"]
[EventType "swiss"]
[EventRounds "9"]
[EventCountry "CHN"]
[SourceTitle "CBM 215 Extra"]
[Source "ChessBase"]
[SourceDate "2023.09.30"]
[SourceVersion "1"]
[SourceVersionDate "2023.09.30"]
[SourceQuality "1"]

1. d4 d5 2. c4 c6 3. Nc3 Nf6 4. e3 e6 5. Nf3 Nbd7 6. Bd3 dxc4 7. Bxc4 b5 8. Bd3 Bb7 9. e4 b4 10. Na4 c5 11. e5 Nd5 12. 0-0 cxd4 13. Nxd4 Nxe5 14. Bb5+ Nd7 15. Re1 Be7 16. Nc6 Bxc6 17. Bxc6 Rc8 18. Bb7 0-0 19. Bxc8 Qxc8 20. Be3 Qb7 21. Bd4 Rd8 22. Qf3 Qa6 23. b3 Bg5 24. Qe2 Qb7 25. Rad1 Rc8 26. Nb2 Bf6 27. Nc4 Qc7 28. Bxf6 N7xf6 29. Rd4 Nc3 30. Qd2 Nfd5 31. h4 h6 32. Ne5 Qb6 33. Rc4 Ra8 34. a4 a5 35. Qd3 Rd8 36. Nc6 Rd6 37. Ne5 Ne7 38. Qf3 f6 39. Ng4 e5 40. Ne3 Rd3 41. Qa8+ Rd8 42. Qf3 Rd3 43. Qg4 Rd2 44. Qf3 e4 45. Rxe4 Nxe4 46. Nc4 Qd4 47. Rxe4 Qa1+ 48. Kh2 Rd7 49. Qe2 Kf8 50. Nb6 Rb7 51. Qa6 Rc7 52. Qa8+ Kf7 53. Nd5 Rd7 54. Nxe7 Rxe7 55. Qd5+ Ke8 56. Qa8+ Kf7 57. Rxe7+ Kxe7 58. Qxa5 Qd4 59. Qc7+ Ke6 60. Qg3 Kd5 61. Qf3+ Kd6 62. g3 Qc3 63. Kg2 Kc5 64. Qe3+ Kd5 65. Kf3 Qc2 66. Kg2 h5 67. Qe7 Qc3 68. Qxg7 Kd4 69. Qxf6+ Kd3 70. Qf3+ Kc2 71. a5 Qa1 72. Qd5 Qa3 73. Qc4+ Kb2 74. a6 Qa5 75. Qc6 Kxb3 76. Qb7 1-0

[Event "Tianjin Binhai Cup-A 3rd"]
[Site "Tianjin"]
[Date "2023.08.20"]
[Round "2"]
[White "Battulga, Namkhai"]
[Black "Xu, Yuze"]
[Result "1-0"]
[WhiteElo "2394"]
[BlackElo "2017"]
[PlyCount "57"]
[EventDate "2023.08.20"]
[EventType "swiss"]
[EventRounds "9"]
[EventCountry "CHN"]
[SourceTitle "CBM 215 Extra"]
[Source "ChessBase"]
[SourceDate "2023.09.30"]
[SourceVersion "1"]
[SourceVersionDate "2023.09.30"]
[SourceQuality "1"]

1. c4 Nf6 2. Nf3 e6 3. Nc3 d5 4. g3 c5 5. Bg2 d4 6. Na4 Nc6 7. 0-0 Bd6 8. e3 e5 9. exd4 exd4 10. Re1+ Ne7 11. b4 cxb4 12. Nxd4 0-0 13. Bb2 Rb8 14. Nb5 Ng6 15. d4 Be7 16. Nxa7 Bg4 17. Qb3 Qa5 18. Nb5 Bd7 19. Bf1 Rfc8 20. a3 bxa3 21. Bc3 Qa6 22. c5 Nd5 23. Rxa3 Nh4 24. Nb6 Nf3+ 25. Kh1 Nxe1 26. Rxa6 Bc6 27. Nxd5 bxa6 28. Bxe1 axb5 29. Bg2 1-0

[Event "MGL-ch"]
[Site "Chinggis City"]
[Date "2022.05.20"]
[Round "8"]
[White "Battulga, Namkhai"]
[Black "Bilguun, Sumiya"]
[Result "1/2-1/2"]
[WhiteElo "2402"]
[BlackElo "2454"]
[PlyCount "86"]
[EventDate "2022.05.12"]
[EventType "tourn"]
[EventRounds "11"]
[EventCountry "MGL"]
[EventCategory "7"]
[SourceTitle "CBM 208 Extra"]
[Source "ChessBase"]
[SourceDate "2022.07.31"]
[SourceVersion "1"]
[SourceVersionDate "2022.07.31"]
[SourceQuality "1"]

1. e4 c5 2. Nf3 e6 3. d4 cxd4 4. Nxd4 a6 5. c4 Nf6 6. Nc3 Qc7 7. a3 b6 8. Be3 Bb7 9. f3 d6 10. Be2 Nbd7 11. 0-0 Be7 12. Rc1 0-0 13. b4 Rac8 14. Nb3 Qb8 15. Qd2 Bd8 16. Rfd1 Ne5 17. Na4 d5 18. exd5 exd5 19. c5 b5 20. Nb6 Bxb6 21. cxb6 Nc4 22. Bxc4 bxc4 23. Bf4 Qa8 24. Nc5 Rc6 25. Bc7 Qc8 26. Qd4 Nd7 27. Nxd7 Qxd7 28. Rxc4 Re6 29. Rcc1 Qb5 30. Qd3 Qd7 31. b5 axb5 32. Qd4 Ra8 33. Bg3 Ra4 34. Qc5 Rc4 35. Rxc4 bxc4 36. Bf2 Qa4 37. Ra1 h6 38. Qc7 Qa8 39. Bd4 Rc6 40. Qg3 Rg6 41. Qc7 Rc6 42. Qg3 Rg6 43. Qc7 Rc6 1/2-1/2

[Event "Ulaanbaatar Chess Day"]
[Site "Ulaanbaatar"]
[Date "2020.09.27"]
[Round "7"]
[White "Sharavdorj, Dashzeveg"]
[Black "Battulga, Namkhai"]
[Result "1/2-1/2"]
[WhiteElo "2370"]
[BlackElo "2398"]
[PlyCount "45"]
[EventDate "2020.09.22"]
[EventType "tourn"]
[EventRounds "9"]
[EventCountry "MGL"]
[SourceTitle "CBM 198 Extra"]
[Source "ChessBase"]
[SourceDate "2020.11.30"]
[SourceVersion "1"]
[SourceVersionDate "2020.11.30"]
[SourceQuality "1"]

1. d4 d5 2. c4 c6 3. cxd5 cxd5 4. Bf4 Nf6 5. Nc3 Nc6 6. e3 e6 7. Bd3 Bd6 8. Bxd6 Qxd6 9. Nf3 0-0 10. 0-0 a6 11. Rc1 b5 12. e4 dxe4 13. Nxe4 Nxe4 14. Bxe4 Bb7 15. Ne5 Rac8 16. Nxc6 Bxc6 17. Bxc6 Rxc6 18. Rxc6 Qxc6 19. Qd2 Rc8 20. h3 h6 21. Rd1 Qc2 22. a3 Qxd2 23. Rxd2 1/2-1/2

[Event "Ulaanbaatar Chess Day"]
[Site "Ulaanbaatar"]
[Date "2020.09.26"]
[Round "6"]
[White "Battulga, Namkhai"]
[Black "Munkhgal, Gombosuren"]
[Result "0-1"]
[WhiteElo "2398"]
[BlackElo "2501"]
[PlyCount "50"]
[EventDate "2020.09.22"]
[EventType "tourn"]
[EventRounds "9"]
[EventCountry "MGL"]
[SourceTitle "CBM 198 Extra"]
[Source "ChessBase"]
[SourceDate "2020.11.30"]
[SourceVersion "1"]
[SourceVersionDate "2020.11.30"]
[SourceQuality "1"]

1. e4 e6 2. d4 d5 3. e5 c5 4. c3 Nc6 5. Nf3 Qb6 6. Bd3 cxd4 7. cxd4 Bd7 8. 0-0 Nxd4 9. Nxd4 Qxd4 10. Nc3 a6 11. Qe2 Ne7 12. Kh1 Nc6 13. f4 Qa7 14. f5 0-0-0 15. Be3 Bc5 16. Bxc5 Qxc5 17. Rac1 Qd4 18. Bxa6 Qxe5 19. fxe6 fxe6 20. Bxb7+ Kxb7 21. Qb5+ Kc7 22. Na4 Rb8 23. Rxc6+ Bxc6 24. Rf7+ Kd8 25. Qa5+ Ke8 0-1

[Event "MGL-ch 59th"]
[Site "Murun"]
[Date "2019.09.27"]
[Round "8"]
[White "Battulga, Namkhai"]
[Black "Enkhnar, Enkhbaatar"]
[Result "0-1"]
[WhiteElo "2403"]
[BlackElo "2374"]
[PlyCount "104"]
[EventDate "2019.09.21"]
[EventType "tourn"]
[EventRounds "11"]
[EventCountry "MGL"]
[EventCategory "8"]
[SourceTitle "EXT 2020"]
[Source "ChessBase"]
[SourceDate "2019.10.17"]
[SourceVersion "1"]
[SourceVersionDate "2019.10.17"]
[SourceQuality "1"]

1. e4 c5 2. Nf3 a6 3. c4 e6 4. Nc3 d6 5. d4 cxd4 6. Nxd4 Nd7 7. Be2 b6 8. f4 Bb7 9. f5 e5 10. Nc2 Ngf6 11. Bg5 Be7 12. Bf3 b5 13. cxb5 axb5 14. a3 0-0 15. 0-0 Rc8 16. Kh1 Rxc3 17. bxc3 Nxe4 18. Bxe7 Qxe7 19. Qe1 Ndc5 20. Rb1 Qg5 21. Ne3 Rc8 22. c4 Nd3 23. Qe2 Ndc5 24. Rfc1 Nd3 25. Rf1 Ndc5 26. Bxe4 Nxe4 27. Rfc1 g6 28. fxg6 hxg6 29. Rxb5 Bc6 30. Rb6 Kg7 31. Rf1 Rh8 32. Kg1 Qh4 33. Ng4 Ba8 34. Ra6 Nc3 35. Qd2 Qxg4 36. Rxa8 Ne2+ 37. Kf2 Rxh2 38. Ke1 Rxg2 39. Rxf7+ Kxf7 40. Qd5+ Kg7 41. Qb7+ Kh6 42. Rh8+ Kg5 43. Qe7+ Kf5 44. Rf8+ Ke4 45. Qb7+ Ke3 46. Qb3+ Nc3 47. Qxc3+ Ke4 48. Rf2 Rg1+ 49. Rf1 Rxf1+ 50. Kxf1 Qd1+ 51. Kg2 Qe2+ 52. Kg3 Qd3+ 0-1

[Event "MGL-ch 59th"]
[Site "Murun"]
[Date "2019.09.24"]
[Round "5"]
[White "Boldoo, Erdenepurev"]
[Black "Battulga, Namkhai"]
[Result "1-0"]
[WhiteElo "2338"]
[BlackElo "2403"]
[PlyCount "93"]
[EventDate "2019.09.21"]
[EventType "tourn"]
[EventRounds "11"]
[EventCountry "MGL"]
[EventCategory "8"]
[SourceTitle "EXT 2020"]
[Source "ChessBase"]
[SourceDate "2019.10.17"]
[SourceVersion "1"]
[SourceVersionDate "2019.10.17"]
[SourceQuality "1"]

1. d4 d5 2. c4 c6 3. Nc3 Nf6 4. e3 e6 5. Nf3 Nbd7 6. Bd3 dxc4 7. Bxc4 b5 8. Bd3 Bb7 9. 0-0 a6 10. e4 c5 11. d5 Qc7 12. Bc2 Bd6 13. dxe6 fxe6 14. Qe2 0-0 15. h3 Rae8 16. a4 b4 17. Nb1 c4 18. Nbd2 Rc8 19. b3 c3 20. Nc4 Bc5 21. Ng5 Rce8 22. e5 Qc6 23. Nf3 Nd5 24. Na5 Qc7 25. Nxb7 Qxb7 26. Ng5 g6 27. Nxh7 Rf5 28. Nf6+ N7xf6 29. exf6 Rxf6 30. Bg5 Rf5 31. Bxf5 gxf5 32. Rad1 Bf8 33. Rd3 f4 34. Bxf4 Nxf4 35. Qg4+ Bg7 36. Qxf4 Rc8 37. Rg3 c2 38. Rc1 Qd7 39. Kh2 a5 40. Qe4 Qc6 41. Qg6 Rc7 42. h4 e5 43. Qf5 e4 44. Rg4 Qd6+ 45. g3 Qd2 46. Rxe4 Rf7 47. Rxc2 1-0

[Event "MGL-ch 59th"]
[Site "Murun"]
[Date "2019.09.23"]
[Round "4"]
[White "Battulga, Namkhai"]
[Black "Batsuren, Dambasuren"]
[Result "0-1"]
[WhiteElo "2403"]
[BlackElo "2454"]
[PlyCount "69"]
[EventDate "2019.09.21"]
[EventType "tourn"]
[EventRounds "11"]
[EventCountry "MGL"]
[EventCategory "8"]
[SourceTitle "EXT 2020"]
[Source "ChessBase"]
[SourceDate "2019.10.17"]
[SourceVersion "1"]
[SourceVersionDate "2019.10.17"]
[SourceQuality "1"]

1. c4 Nf6 2. Nc3 e6 3. e4 d5 4. cxd5 exd5 5. e5 Ne4 6. d4 Be7 7. Bd3 Nxc3 8. bxc3 c5 9. Ne2 Nc6 10. 0-0 0-0 11. Be3 c4 12. Bc2 f5 13. exf6 Rxf6 14. Ng3 Rf7 15. Rb1 Rb8 16. a4 a6 17. f4 b5 18. axb5 axb5 19. Rb2 Ba3 20. Ra2 Bd6 21. Qh5 g6 22. Qxd5 Ne7 23. Qg5 Qf8 24. Ne4 Bc7 25. Qc5 Nf5 26. Bc1 Qxc5 27. dxc5 Bb7 28. Rd1 Re8 29. Ng3 Nh4 30. f5 Nxf5 31. Bxf5 gxf5 32. Rf1 f4 33. Nh5 Be5 34. Bxf4 Bxc3 35. Rc1 0-1

[Event "MGL-ch 59th"]
[Site "Murun"]
[Date "2019.09.22"]
[Round "2"]
[White "Battulga, Namkhai"]
[Black "Nasanjargal, Urtnasan"]
[Result "1-0"]
[WhiteElo "2403"]
[BlackElo "2480"]
[PlyCount "53"]
[EventDate "2019.09.21"]
[EventType "tourn"]
[EventRounds "11"]
[EventCountry "MGL"]
[EventCategory "8"]
[SourceTitle "EXT 2020"]
[Source "ChessBase"]
[SourceDate "2019.10.17"]
[SourceVersion "1"]
[SourceVersionDate "2019.10.17"]
[SourceQuality "1"]

1. e4 c5 2. Nf3 d6 3. d4 cxd4 4. Nxd4 Nf6 5. Nc3 Nc6 6. Bg5 Bd7 7. Qd2 Rc8 8. f4 Nxd4 9. Qxd4 Qa5 10. e5 Rxc3 11. bxc3 dxe5 12. fxe5 Bc6 13. exf6 gxf6 14. Bd2 Rg8 15. c4 Qc7 16. 0-0-0 b6 17. Bb4 f5 18. Re1 Be4 19. c5 Bg7 20. Bb5+ Kf8 21. Qd7 Bh6+ 22. Kb2 Qb8 23. cxb6 Qxb6 24. Qxe7+ Kg7 25. Bc3+ Kg6 26. Rxe4 fxe4 27. Qxe4+ 1-0

[Event "Asian Continental blitz op"]
[Site "Xingtai"]
[Date "2019.06.15"]
[Round "1"]
[White "Battulga, Namkhai"]
[Black "Narayanan, Sunilduth Lyna"]
[Result "1-0"]
[WhiteElo "2425"]
[BlackElo "2603"]
[PlyCount "117"]
[EventDate "2019.06.15"]
[EventType "swiss (blitz)"]
[EventRounds "9"]
[EventCountry "CHN"]
[SourceTitle "CBM 191 Extra"]
[Source "ChessBase"]
[SourceDate "2019.09.30"]
[SourceVersion "1"]
[SourceVersionDate "2019.09.30"]
[SourceQuality "1"]

1. e4 c6 2. c4 e5 3. Nf3 d6 4. d4 exd4 5. Qxd4 Bg4 6. Be2 Nd7 7. Nc3 Ngf6 8. Bf4 Nc5 9. Rd1 Ne6 10. Qe3 Qb6 11. Qxb6 axb6 12. Bxd6 Bxd6 13. Rxd6 Nf4 14. h3 Nxg2+ 15. Kf1 Bxf3 16. Bxf3 Nf4 17. Rg1 g6 18. Rxf6 Ne6 19. e5 Ke7 20. Bg4 Rhd8 21. Bxe6 fxe6 22. Ke2 Rd4 23. Rg4 Rad8 24. Rxd4 Rxd4 25. b3 b5 26. Ke3 Rh4 27. cxb5 cxb5 28. Nxb5 Rxh3+ 29. Rf3 Rh1 30. Nd6 Re1+ 31. Kd4 Rd1+ 32. Kc4 h5 33. Rf7+ Kd8 34. Nxb7+ Ke8 35. Rg7 Rg1 36. f4 h4 37. Kd4 Kf8 38. Rh7 Rg4 39. Ke3 Kg8 40. Rc7 h3 41. Rc1 Rg2 42. Rh1 h2 43. a4 Rb2 44. Nc5 Kh7 45. Kf3 Rc2 46. b4 g5 47. fxg5 Kg6 48. Ne4 Kf5 49. Nf2 Rc3+ 50. Ke2 Rc2+ 51. Ke3 Rc4 52. Nd3 Rc2 53. a5 Ra2 54. Nf2 Kxg5 55. Rxh2 Kf5 56. Rh5+ Kg6 57. Rh1 Kf5 58. Nd3 Ra3 59. Kd4 1-0

[Event "Asian Continental blitz op"]
[Site "Xingtai"]
[Date "2019.06.15"]
[Round "2"]
[White "Yakubboev, Nodirbek"]
[Black "Battulga, Namkhai"]
[Result "1-0"]
[WhiteElo "2587"]
[BlackElo "2425"]
[PlyCount "105"]
[EventDate "2019.06.15"]
[EventType "swiss (blitz)"]
[EventRounds "9"]
[EventCountry "CHN"]
[SourceTitle "CBM 191 Extra"]
[Source "ChessBase"]
[SourceDate "2019.09.30"]
[SourceVersion "1"]
[SourceVersionDate "2019.09.30"]
[SourceQuality "1"]

1. c4 c6 2. d4 d5 3. Nf3 Nf6 4. e3 e6 5. b3 c5 6. cxd5 Nxd5 7. Bb2 cxd4 8. Nxd4 Bb4+ 9. Nd2 0-0 10. a3 Bc3 11. Bxc3 Nxc3 12. Qc2 Nd5 13. Bd3 h6 14. 0-0 e5 15. N4f3 Qe7 16. Nc4 Nc6 17. Be4 Be6 18. Ncxe5 Nxe5 19. Nxe5 Rac8 20. Qb2 Nc3 21. Bf3 Bd5 22. Bxd5 Nxd5 23. Rac1 Rfe8 24. Nf3 Nf6 25. Rfd1 Ne4 26. b4 Nd6 27. Qb3 b5 28. Nd4 a6 29. a4 bxa4 30. Qxa4 Ne4 31. Rxc8 Rxc8 32. Qxa6 Re8 33. Qa3 Qf6 34. Qb2 Rc8 35. h3 Rb8 36. b5 Nd6 37. Qe2 Qe5 38. Nc6 Qxb5 39. Qxb5 Rxb5 40. Rxd6 Rb1+ 41. Kh2 g6 42. Nd4 Kg7 43. g4 Rb2 44. Kg3 Ra2 45. e4 Kf8 46. e5 Ke7 47. f4 Ra3+ 48. Kg2 Ra2+ 49. Kg3 Ra3+ 50. Nf3 Rb3 51. h4 Ra3 52. h5 gxh5 53. gxh5 1-0

[Event "Olympiad-43"]
[Site "Batumi"]
[Date "2018.10.05"]
[Round "11.3"]
[White "Battulga, Namkhai"]
[Black "Van Wely, Loek"]
[Result "1-0"]
[WhiteElo "2421"]
[BlackElo "2642"]
[PlyCount "118"]
[EventDate "2018.09.24"]
[EventType "team-swiss"]
[EventRounds "11"]
[EventCountry "GEO"]
[SourceTitle "CBM 187"]
[Source "ChessBase"]
[SourceDate "2018.12.11"]
[SourceVersion "1"]
[SourceVersionDate "2018.12.11"]
[SourceQuality "1"]
[WhiteTeam "Mongolia"]
[BlackTeam "Netherlands"]
[WhiteTeamCountry "MGL"]
[BlackTeamCountry "NED"]

1. e4 c5 2. Nf3 e6 3. d4 cxd4 4. Nxd4 Nc6 5. Nxc6 bxc6 6. Bd3 d5 7. 0-0 Nf6 8. Nd2 Be7 9. Re1 Bb7 10. e5 Nd7 11. b3 a5 12. Qg4 g6 13. Nf3 a4 14. Bh6 Qa5 15. Bd2 Qa7 16. b4 c5 17. a3 Ba6 18. Qf4 h6 19. h4 Bxd3 20. cxd3 Qa6 21. Qe3 g5 22. Rec1 g4 23. Nh2 cxb4 24. Bxb4 Bxb4 25. axb4 h5 26. Nf1 Qb5 27. Qf4 d4 28. Re1 Qxb4 29. Nd2 Nb6 30. Qf6 Rg8 31. Ne4 Nd5 32. Qh6 Qf8 33. Qc1 Kd7 34. Qc4 Qb8 35. Qxd4 Rd8 36. Rab1 Qa7 37. Rb7+ Qxb7 38. Nc5+ Kc8 39. Nxb7 Kxb7 40. Qc5 Ra6 41. Qb5+ Nb6 42. Rc1 Rd7 43. Qc6+ Ka7 44. Rb1 Rb7 45. Qc5 Kb8 46. Qd6+ Ka7 47. Qb4 a3 48. Ra1 a2 49. Qd2 Nc4 50. dxc4 Rb1+ 51. Kh2 Rxa1 52. Qd4+ Kb7 53. Qxa1 Kc6 54. Kg3 Kc5 55. Kf4 Ra8 56. Kg5 Kxc4 57. Kxh5 Kb3 58. Qd1+ Kb2 59. Qd4+ Kc2 1-0

[Event "Olympiad-43"]
[Site "Batumi"]
[Date "2018.09.30"]
[Round "6.46"]
[White "Zulkipli, Zaidan"]
[Black "Battulga, Namkhai"]
[Result "0-1"]
[WhiteElo "2203"]
[BlackElo "2421"]
[PlyCount "125"]
[EventDate "2018.09.24"]
[EventType "team-swiss"]
[EventRounds "11"]
[EventCountry "GEO"]
[SourceTitle "CBM 187"]
[Source "ChessBase"]
[SourceDate "2018.12.11"]
[SourceVersion "1"]
[SourceVersionDate "2018.12.11"]
[SourceQuality "1"]
[WhiteTeam "Malaysia"]
[BlackTeam "Mongolia"]
[WhiteTeamCountry "MAS"]
[BlackTeamCountry "MGL"]

1. d4 d5 2. c4 c6 3. Nf3 dxc4 4. e3 Be6 5. Be2 Nf6 6. 0-0 Nbd7 7. a4 a5 8. Na3 Nb6 9. Ne5 h6 10. Naxc4 Bxc4 11. Nxc4 e6 12. Bd2 Nbd5 13. Qb3 Bb4 14. Bxb4 Nxb4 15. Bf3 0-0 16. Rfd1 Nd7 17. e4 Qe7 18. Qc3 Rfc8 19. Qd2 e5 20. Bg4 exd4 21. Bxd7 Qxd7 22. Nb6 Qe7 23. Rac1 d3 24. Qf4 Rd8 25. Nxa8 Rxa8 26. Rc3 Re8 27. f3 Rd8 28. h3 Rd6 29. Rc5 b6 30. Re5 Qd7 31. Re8+ Kh7 32. Qf5+ Qxf5 33. exf5 Rd4 34. Re7 f6 35. Re3 Rc4 36. Rd2 Rc1+ 37. Kh2 c5 38. Rexd3 Nxd3 39. Rxd3 Rc4 40. b3 Rb4 41. g4 Kg8 42. Kg3 Kf8 43. Re3 c4 44. bxc4 Rxa4 45. Re6 Rb4 46. Rc6 a4 47. c5 b5 48. Ra6 Rc4 49. Kh4 Rc3 50. Kh5 a3 51. Kg6 b4 52. c6 Rc2 53. Ra8+ Ke7 54. Kxg7 Rxc6 55. f4 Rc7 56. h4 Rb7 57. g5 hxg5 58. fxg5 fxg5 59. hxg5 b3 60. Kg6 b2 61. f6+ Ke6 62. Re8+ Kd6 63. Re1 0-1

[Event "Olympiad-43"]
[Site "Batumi"]
[Date "2018.09.26"]
[Round "3.22"]
[White "Battulga, Namkhai"]
[Black "Cheparinov, Ivan"]
[Result "0-1"]
[WhiteElo "2421"]
[BlackElo "2715"]
[PlyCount "70"]
[EventDate "2018.09.24"]
[EventType "team-swiss"]
[EventRounds "11"]
[EventCountry "GEO"]
[SourceTitle "CBM 187"]
[Source "ChessBase"]
[SourceDate "2018.12.11"]
[SourceVersion "1"]
[SourceVersionDate "2018.12.11"]
[SourceQuality "1"]
[WhiteTeam "Mongolia"]
[BlackTeam "Georgia"]
[WhiteTeamCountry "MGL"]
[BlackTeamCountry "GEO"]

1. e4 c5 2. Nf3 d6 3. d4 cxd4 4. Nxd4 Nf6 5. Nc3 a6 6. Be3 e5 7. Nb3 Be6 8. f3 h5 9. Qd2 Nbd7 10. Nd5 Bxd5 11. exd5 g6 12. Be2 Bg7 13. 0-0 b6 14. a4 0-0 15. a5 b5 16. c4 bxc4 17. Bxc4 Qc7 18. Rfc1 Qb7 19. Qd3 e4 20. fxe4 Ne5 21. Qc2 Rac8 22. Ra4 Rfe8 23. Bb6 Nxe4 24. Qe2 Nxc4 25. Raxc4 Nc3 26. R4xc3 Rxe2 27. Rxc8+ Kh7 28. Nd4 Rxb2 29. R8c6 Qe7 30. Nc2 Qe4 31. Ne1 Qxd5 32. Nf3 g5 33. Bc7 g4 34. Nh4 Bd4+ 35. Kh1 Qxc6 0-1

[Event "MGL-ch 58th"]
[Site "Tsetserleg"]
[Date "2018.05.20"]
[Round "2"]
[White "Bayarmandakh, Balgan"]
[Black "Battulga, Namkhai"]
[Result "1/2-1/2"]
[WhiteElo "2211"]
[BlackElo "2404"]
[PlyCount "129"]
[EventDate "2018.05.19"]
[EventType "tourn"]
[EventRounds "11"]
[EventCountry "MGL"]
[EventCategory "2"]
[SourceTitle "EXT 2019"]
[Source "ChessBase"]
[SourceDate "2018.10.10"]
[SourceVersion "1"]
[SourceVersionDate "2018.10.10"]
[SourceQuality "1"]

1. d4 d5 2. c4 e6 3. Nc3 Nf6 4. Bg5 Be7 5. e3 0-0 6. Nf3 Nbd7 7. Rc1 Re8 8. Bd3 dxc4 9. Bxc4 a6 10. a4 b6 11. 0-0 Bb7 12. Qe2 c6 13. Rfd1 b5 14. Bd3 Qa5 15. Ne5 Bf8 16. Bxf6 Nxf6 17. Ne4 Qd8 18. Qf3 bxa4 19. Nxf6+ Qxf6 20. Qxf6 gxf6 21. Nd7 Kg7 22. Nb6 Ra7 23. Nxa4 Rb8 24. Be4 Rc8 25. Rc2 a5 26. Rdc1 Ra6 27. g4 h6 28. h4 h5 29. gxh5 Kh6 30. Bf3 Bd6 31. Kf1 Ra7 32. Be2 Rg8 33. Nc5 Bh2 34. Ke1 Rg1+ 35. Kd2 Rg2 36. Rf1 Bd6 37. Kc1 Bc8 38. Bf3 Rh2 39. Rh1 Rxh1+ 40. Bxh1 Kxh5 41. Bxc6 Rc7 42. Ne4 Be7 43. Be8 Rxc2+ 44. Kxc2 Kxh4 45. Bxf7 Kg4 46. Nc5 e5 47. Bd5 f5 48. f3+ Kg3 49. Kc3 f4 50. exf4 exd4+ 51. Kxd4 Bf6+ 52. Ke4 Bxb2 53. f5 Ba3 54. Na4 Bd6 55. f6 Bh3 56. Nc3 Kh4 57. Kd4 Kh5 58. Bf7+ Kh6 59. Be8 Kh7 60. Ne4 Bf4 61. Kd5 Kg8 62. f7+ Kf8 63. Nf6 Bh6 64. Kd6 Bf4+ 65. Kd5 1/2-1/2

[Event "Ulaanbaatar Ikh Nuudel op"]
[Site "Ulaanbaatar"]
[Date "2016.10.01"]
[Round "4"]
[White "Tsydypov, Zhamsaran"]
[Black "Battulga, Namkhai"]
[Result "1-0"]
[WhiteElo "2450"]
[BlackElo "2402"]
[PlyCount "42"]
[EventDate "2016.09.29"]
[EventType "swiss"]
[EventRounds "9"]
[EventCountry "MGL"]
[SourceTitle "CBM 174 Extra"]
[Source "ChessBase"]
[SourceDate "2016.10.10"]
[SourceVersion "1"]
[SourceVersionDate "2016.10.10"]
[SourceQuality "1"]

1. e4 c5 2. Nf3 d6 3. d4 cxd4 4. Nxd4 Nf6 5. Nc3 a6 6. Be3 e6 7. f3 b5 8. Qd2 Nbd7 9. 0-0-0 b4 10. Nce2 d5 11. exd5 Nxd5 12. Nf4 N7f6 13. Bc4 Bb7 14. Rhe1 Nxf4 15. Bxf4 Bc5 16. Be5 Be7 17. Qg5 Qc8 18. Nf5 Nd5 19. Nxg7+ Kd8 20. Qf4 Rf8 21. Bxd5 Bxd5 1-0

[Event "Ulaanbaatar Ikh Nuudel op"]
[Site "Ulaanbaatar"]
[Date "2016.09.30"]
[Round "2"]
[White "Tengis, Tsogochir"]
[Black "Battulga, Namkhai"]
[Result "1/2-1/2"]
[WhiteElo "2093"]
[BlackElo "2402"]
[PlyCount "145"]
[EventDate "2016.09.29"]
[EventType "swiss"]
[EventRounds "9"]
[EventCountry "MGL"]
[SourceTitle "CBM 174 Extra"]
[Source "ChessBase"]
[SourceDate "2016.10.10"]
[SourceVersion "1"]
[SourceVersionDate "2016.10.10"]
[SourceQuality "1"]

1. d4 d5 2. g3 Nf6 3. Bg2 e6 4. Nf3 Be7 5. 0-0 0-0 6. c4 dxc4 7. Ne5 Nc6 8. Nxc6 bxc6 9. Bxc6 Rb8 10. Bg2 Bb7 11. Nc3 Bxg2 12. Kxg2 c5 13. dxc5 Bxc5 14. Qc2 Qb6 15. Rb1 Bd4 16. Bg5 Ng4 17. h3 Qc6+ 18. Qe4 Qxe4+ 19. Nxe4 Ne5 20. Be7 Rfc8 21. Bd6 Rxb2 22. e3 Rxb1 23. Rxb1 c3 24. exd4 c2 25. Ra1 Nd3 26. Ba3 c1Q 27. Bxc1 Nxc1 28. Nd6 Rc2 29. Rb1 h6 30. Rb8+ Kh7 31. Nxf7 Nd3 32. Rh8+ Kg6 33. Ne5+ Nxe5 34. dxe5 Rxa2 35. g4 a5 36. Re8 Kf7 37. Ra8 g5 38. Ra7+ Ke8 39. Kf3 a4 40. Ke3 a3 41. Kd4 Ra1 42. Kc3 a2 43. Kb2 Rf1 44. Kxa2 Rxf2+ 45. Kb3 Rf3+ 46. Kc4 Rxh3 47. Ra8+ Kf7 48. Ra7+ Kg6 49. Re7 Rg3 50. Rxe6+ Kg7 51. Re7+ Kg8 52. Kd5 Rxg4 53. Ra7 Rg1 54. e6 Re1 55. Kd6 Rd1+ 56. Ke5 Re1+ 57. Kf6 Rf1+ 58. Ke5 h5 59. Ra8+ Rf8 60. Ra1 Kg7 61. e7 Rb8 62. Kf5 g4 63. Kg5 Rb5+ 64. Kh4 Kf7 65. Re1 Ke8 66. Re2 Rf5 67. Re3 Rb5 68. Re2 Rc5 69. Re3 Rf5 70. Re2 Rf3 71. Kxh5 g3 72. Rg2 Kxe7 73. Kg4 1/2-1/2

[Event "CHN-chT"]
[Site "China"]
[Date "2016.09.26"]
[Round "15.6"]
[White "Battulga, Namkhai"]
[Black "Bai, Jinshi"]
[Result "0-1"]
[WhiteElo "2402"]
[BlackElo "2564"]
[PlyCount "131"]
[EventDate "2016.04.12"]
[EventType "team-tourn"]
[EventRounds "22"]
[EventCountry "CHN"]
[SourceTitle "EXT 2017"]
[Source "ChessBase"]
[SourceDate "2016.10.25"]
[SourceVersion "1"]
[SourceVersionDate "2016.10.25"]
[SourceQuality "1"]
[WhiteTeam "Shenzhen"]
[BlackTeam "Hangzhou"]
[WhiteTeamCountry "CHN"]
[BlackTeamCountry "CHN"]

1. e4 e5 2. Nf3 Nf6 3. Nxe5 d6 4. Nf3 Nxe4 5. d4 d5 6. Bd3 Nc6 7. 0-0 Be7 8. Re1 Bg4 9. Bxe4 dxe4 10. Rxe4 Bxf3 11. Qxf3 Nxd4 12. Qd1 Ne6 13. Re1 Qxd1 14. Rxd1 0-0 15. Be3 Rfd8 16. Nd2 Bc5 17. Nc4 Bxe3 18. fxe3 Rxd1+ 19. Rxd1 Rd8 20. Rd3 b6 21. b4 f6 22. Kf2 Kf8 23. Ke2 Rxd3 24. cxd3 c5 25. b5 Ke7 26. a4 Nc7 27. g3 Ke6 28. Kd2 Ne8 29. e4 Nd6 30. Na3 f5 31. exf5+ Kxf5 32. h3 g5 33. Nc2 Ke5 34. Ne1 h5 35. Nf3+ Kf5 36. Ke3 g4 37. hxg4+ Kxg4 38. Kf2 Kf5 39. Ng1 c4 40. dxc4 Nxc4 41. Kf3 Nb2 42. Ne2 Ke5 43. Nf4 Nxa4 44. Nxh5 Nc3 45. Ke3 Nxb5 46. Nf4 Nd6 47. Kd3 a5 48. Ne2 b5 49. g4 b4 50. Nd4 Kd5 51. g5 Nf7 52. Nc2 Nxg5 53. Ne3+ Kc5 54. Kc2 Ne6 55. Kb3 Kb5 56. Nc2 a4+ 57. Kb2 Kc5 58. Ne1 Kc4 59. Nc2 Nf4 60. Ne3+ Kc5 61. Nf5 Nd5 62. Ng3 Ne3 63. Ne2 Kc4 64. Nc1 Nd1+ 65. Kb1 b3 66. Ne2 0-1

[Event "Olympiad-42"]
[Site "Baku"]
[Date "2016.09.04"]
[Round "3.4"]
[White "Zhu, Chen"]
[Black "Battulga, Namkhai"]
[Result "1-0"]
[WhiteElo "2418"]
[BlackElo "2402"]
[PlyCount "77"]
[EventDate "2016.09.02"]
[EventType "team-swiss"]
[EventRounds "11"]
[EventCountry "AZE"]
[SourceTitle "CBM 175"]
[Source "ChessBase"]
[SourceDate "2016.11.10"]
[SourceVersion "1"]
[SourceVersionDate "2016.11.10"]
[SourceQuality "1"]
[WhiteTeam "Qatar"]
[BlackTeam "Mongolia"]
[WhiteTeamCountry "QAT"]
[BlackTeamCountry "MGL"]

1. d4 d5 2. c4 c6 3. Nf3 Nf6 4. e3 e6 5. b3 a5 6. Bd3 a4 7. 0-0 axb3 8. Qxb3 dxc4 9. Bxc4 Nbd7 10. Be2 Be7 11. Bb2 b6 12. Nc3 0-0 13. a4 Ba6 14. Rfe1 Qc7 15. Rac1 Qb7 16. Nb5 Rfc8 17. Ne5 Nxe5 18. dxe5 Nd7 19. Nd6 Bxd6 20. exd6 Bxe2 21. Rxe2 c5 22. Rd2 Qc6 23. Rc4 f6 24. e4 Ra7 25. f4 Nf8 26. f5 Kh8 27. e5 fxe5 28. fxe6 Nxe6 29. Bxe5 Rf7 30. h3 Nf8 31. Kh2 Nd7 32. Bb2 Kg8 33. Bxg7 Kxg7 34. Rg4+ Kf8 35. Qe3 Nf6 36. Qh6+ Ke8 37. Rf4 Kd8 38. Rxf6 Qe8 39. Re6 1-0